200 persos de One Piece - Statistiques

Statistiques générales
  • Ce quiz a été pris 176 fois
  • Le résultat moyen est 119 sur 200
Statistiques - réponses
Numéro et saga de
première apparition
Nom % Correct
002 ( East blue ) Monkey D. Luffy
100%
009 ( East blue ) Roronoa Zoro
98%
013 ( East blue ) Nami
97%
003 ( East blue ) Shanks
97%
053 ( Alabasta ) Das Bones ( Mr.1 )
92%
008 ( East blue ) Kobi
92%
086 ( Water seven ) Monkey D. Garp
92%
050 ( Alabasta ) Portgas D. Ace
92%
025 ( East blue ) Sanji
92%
018 ( East blue ) Usopp
92%
014 ( East blue ) Baggy
90%
061 ( Skypiea ) Don Quijote Doflamingo
89%
001 ( East blue ) Gol D. Roger
89%
041 ( Alabasta ) Nico Robin
89%
030 ( East blue ) Arlong
85%
028 ( East blue ) Dracule Mihawk
85%
178 ( Whole cake ) Imu
85%
035 ( East blue ) Monkey D. Dragon
85%
065 ( Skypiea ) Barbe blanche ( Edward Newgate )
84%
054 ( Alabasta ) Bentham ( Mr.2 Bonclay )
84%
131 ( Fish-Man island ) Big Mom ( Charlotte Linlin )
84%
038 ( Alabasta ) Nefertari Vivi
84%
048 ( Alabasta ) Tony-Tony Chopper
84%
059 ( Skypiea ) Barbe noire ( Marshall D. Teach )
82%
044 ( Alabasta ) Crocodile
82%
079 ( Water seven ) Franky
82%
007 ( East blue ) Alvida
80%
092 ( Thriller Bark ) Gecko Moria
80%
113 ( Marineford ) Jinbe
80%
040 ( Alabasta ) Mr.3 ( Galdino )
80%
123 ( Marineford ) Sabo
80%
087 ( Water seven ) Akainu ( Sakazuki )
79%
004 ( East blue ) Ben Beckman
79%
088 ( Thriller Bark ) Brook
79%
067 ( Skypiea ) Ener
79%
100 ( Marineford ) Trafalgar D. Water Law
79%
026 ( East blue ) Zeff
79%
071 ( Water seven ) Aokiji ( Kuzan )
77%
010 ( East blue ) Hermep
77%
155 ( Dressrosa ) Kaido
77%
112 ( Marineford ) Boa Hancock
75%
102 ( Marineford ) Eustass Kidd
75%
020 ( East blue ) Kuro
75%
116 ( Marineford ) Marco
75%
011 ( East blue ) Morgan
75%
187 ( Pays des Wa ) King ( Alber )
74%
089 ( Thriller Bark ) Perona
74%
005 ( East blue ) Yasopp
74%
062 ( Skypiea ) Bartholomew Kuma
72%
058 ( Skypiea ) Doc Q
72%
031 ( East blue ) Hatchan / Octy
72%
110 ( Marineford ) Kizaru ( Borsalino )
72%
006 ( East blue ) Makino
72%
099 ( Marineford ) Silvers Rayleigh
72%
034 ( East blue ) Smoker
72%
136 ( Dressrosa ) César Clown
70%
171 ( Whole cake ) Charlotte Katakuri / Dent-de-chien
70%
027 ( East blue ) Don Krieg
70%
103 ( Marineford ) Killer
70%
140 ( Dressrosa ) Momonosuké.Kozuki
70%
077 ( Water seven ) Rob Lucci
70%
109 ( Marineford ) X Drake
70%
104 ( Marineford ) Jewerly Bonney
69%
051 ( Alabasta ) Nefertari Cobra
69%
063 ( Skypiea ) Sengoku
69%
033 ( East blue ) Tashigi
69%
106 ( Marineford ) Urouge
69%
158 ( Whole cake ) Carrot
67%
115 ( Marineford ) Emporio Ivankov
67%
019 ( East blue ) Kaya
67%
134 ( Dressrosa ) Kinémon
67%
107 ( Marineford ) Basile Hawkins
66%
049 ( Alabasta ) Hiluluk
66%
074 ( Water seven ) Icebarg
66%
075 ( Water seven ) Kaku
66%
037 ( Alabasta ) Laboon
66%
150 ( Dressrosa ) Rebecca
66%
127 ( Fish-Man island ) Shirahoshi
66%
101 ( Marineford ) Bepo
64%
105 ( Marineford ) Capone Bege
64%
036 ( Alabasta ) Crocus
64%
189 ( Pays des Wa ) Queen
64%
108 ( Marineford ) Scratchmen Apoo
64%
151 ( Dressrosa ) Bartolomeo
62%
032 ( East blue ) Belmer
62%
015 ( East blue ) Cabaji / Carnage
62%
076 ( Water seven ) Kalifa
62%
188 ( Pays des Wa ) Oden.Kozuki
62%
043 ( Alabasta ) Broggy
61%
132 ( Fish-Man island ) Charlotte Pudding
61%
126 ( Fish-Man island ) Hody Jones
61%
022 ( East blue ) Jango
61%
142 ( Dressrosa ) Kanjuro.Kurozumi
61%
047 ( Alabasta ) Kureha
61%
021 ( East blue ) Merry
61%
093 ( Thriller Bark ) Oars / Oz
61%
052 ( Alabasta ) Pell
61%
090 ( Thriller Bark ) Absalom
59%
057 ( Skypiea ) Bellamy
59%
042 ( Alabasta ) Dorry
59%
144 ( Dressrosa ) Fujitora ( Issho )
59%
114 ( Marineford ) Magellan
59%
181 ( Pays des Wa ) Tama
59%
195 ( Saga finale ) Vegapunk
59%
166 ( Whole cake ) Vinsmoke Niiji
59%
078 ( Water seven ) Blueno
57%
148 ( Dressrosa ) Cavendish
57%
016 ( East blue ) Morge
57%
091 ( Thriller Bark ) Shimotsuki Ryuma
57%
081 ( Water seven ) Spandam
57%
045 ( Alabasta ) Wapol
57%
111 ( Marineford ) Curly Dadan
56%
135 ( Dressrosa ) Monet
56%
159 ( Whole cake ) Pedro
56%
080 ( Water seven ) Tom
56%
156 ( Dressrosa ) Jack
54%
095 ( Marineford ) Keimi
54%
029 ( East blue ) Nojiko
54%
162 ( Whole cake ) Raizo
54%
138 ( Dressrosa ) Baby 5
52%
070 ( Water seven ) Foxy
52%
039 ( Alabasta ) Kaloo
52%
145 ( Dressrosa ) Kyros
52%
068 ( Skypiea ) Montblanc Norland
52%
143 ( Dressrosa ) Pica
52%
097 ( Marineford ) Sentomaru
52%
197 ( Saga finale ) Shaka
52%
168 ( Whole cake ) Vinsmoke Judge
52%
147 ( Dressrosa ) Viola
52%
170 ( Whole cake ) Charlotte Perospero / Slurp
51%
046 ( Alabasta ) Dolton
51%
160 ( Whole cake ) Inuarashi / Caborage
51%
066 ( Skypiea ) Jesus Burgess
51%
161 ( Whole cake ) Nekomamushi / Chavipère
51%
137 ( Dressrosa ) Vergo
51%
165 ( Whole cake ) Vinsmoke Ichiji
51%
164 ( Whole cake ) Vinsmoke Reiju
51%
182 ( Pays des Wa ) Kikunojo
49%
064 ( Skypiea ) Laffitte
49%
152 ( Dressrosa ) Leo
49%
192 ( Pays des Wa ) Orochi.Kurozumi
49%
133 ( Fish-Man island ) Pekoms
49%
167 ( Whole cake ) Vinsmoke Yonji
49%
069 ( Skypiea ) Calgara
48%
130 ( Fish-Man island ) Koala
48%
185 ( Pays des Wa ) Ashura Doji
46%
154 ( Dressrosa ) Corazon ( Don Quijote Rosinante )
46%
179 ( Pays des Wa ) Hiyori.Kozuki
46%
060 ( Skypiea ) Montblanc Cricket
46%
096 ( Marineford ) Pappag
46%
129 ( Fish-Man island ) Fisher Tiger
44%
118 ( Marineford ) Izo
44%
083 ( Water seven ) Jabura
44%
073 ( Water seven ) Kokoro
44%
012 ( East blue ) Kuina
44%
139 ( Dressrosa ) Sugar
44%
184 ( Pays des Wa ) Toki.Kozuki
44%
056( Skypiea ) Van Auger
44%
125 ( Fish-Man island ) Vander Decken
44%
193 ( Pays des Wa ) Yamato
44%
200 ( Saga finale ) York
44%
149 ( Dressrosa ) Chinjao
43%
085 ( Water seven ) Haguar D. Sauro
43%
055 ( Alabasta ) Hina
43%
186 ( Pays des Wa ) Kawamatsu
43%
146 ( Dressrosa ) Señor Pink
43%
098 ( Marineford ) Shakky ( Shakuyaku )
43%
141 ( Dressrosa ) Buffalo
41%
017 ( East blue ) Gaimon
41%
194 ( Saga finale ) Lilith
41%
153 ( Dressrosa ) Manshelly
41%
120 ( Marineford ) Catharina Devon
39%
183 ( Pays des Wa ) Denjiro ( Kyoshiro )
39%
128 ( Fish-Man island ) Otohime
39%
199 ( Saga finale ) Pythagore
39%
023 ( East blue ) Johnny
38%
084 ( Water seven ) Kumadori
38%
082 ( Water seven ) Fukuro
36%
190 ( Pays des Wa ) Shinobu
36%
122 ( Marineford ) Vasco Shot
36%
024 ( East blue ) Yosaku
36%
196 ( Saga finale ) Atlas
34%
124 ( Fish-Man island ) Caribou
34%
163 ( Whole cake ) Charlotte Chiffon
34%
198 ( Saga finale ) Edison
34%
119 ( Marineford ) Avalo Pizarro
33%
072 ( Water seven ) Chimney
33%
191 ( Pays des Wa ) Hyogoro
33%
177 ( Whole cake ) Ryokugyu ( Aramaki )
33%
094 ( Marineford ) Duval
31%
172 ( Whole cake ) Morgans
30%
121 ( Marineford ) Sanjuan Wolf
30%
117 ( Marineford ) Squard
30%
173 ( Whole cake ) Stussy
30%
174 ( Whole cake ) Bello Betty
26%
176 ( Whole cake ) Morley
26%
169 ( Whole cake ) Zeus
26%
157 ( Whole cake ) Edward Weeble
25%
175 ( Whole cake ) Lindberg
23%
180 ( Pays des Wa ) Sukiyaki Kozuki ( Hitetsu Tenguyama )
8%
Aucun quiz correspondant
Distribution des résultats
% des personnes avec chaque résultat
Percentile par nombre de réponses
Votre historique - résultats
Vous n’avez pas pris ce quiz